Central Library OPAC University of Rajshahi

Criminology and the administration of criminal justice : (Record no. 4746)

MARC details
000 -LEADER
fixed length control field 00893nam a22002898i 4500
001 - CONTROL NUMBER
control field 4746
003 - CONTROL NUMBER IDENTIFIER
rucl marc code BD-RjUL
005 - DATE AND TIME OF LATEST TRANSACTION
control field 20211208233940.0
008 - FIXED-LENGTH DATA ELEMENTS--GENERAL INFORMATION
fixed length control field 131223t1976 i b 000 0 eng
020 ## - INTERNATIONAL STANDARD BOOK NUMBER
International Standard Book Number 0837190681 :
035 ## - SYSTEM CONTROL NUMBER
System control number (BD-RjUL)4781
System control number (OCoLC)02346135
System control number GLIS00035404
040 ## - CATALOGING SOURCE
Original cataloging agency DLC
Transcribing agency DLC
Modifying agency MYG
-- BD-RjUL
Language of cataloging eng
041 ## - LANGUAGE CODE
Language code of text/sound track or separate title eng
082 04 - DEWEY DECIMAL CLASSIFICATION NUMBER
Edition number 16
Classification number 343
Author mark and year PAC 1976
090 ## - LOCALLY ASSIGNED LC-TYPE CALL NUMBER (OCLC); LOCAL CALL NUMBER (OCLC)
Classification number (OCLC) (R) ; Classification number, CALL (RLIN) (NR) ZHV6025
Local cutter number (OCLC) ; Book number/undivided call number, CALL (RLIN) .R3
099 ## - LOCAL FREE-TEXT CALL NUMBER (OCLC)
Bangla Class number ZHV6025.R3
100 1# - MAIN ENTRY--PERSONAL NAME
Personal name Paranjape, N.V.
9 (RLIN) 14970
245 10 - TITLE STATEMENT
Title Criminology and the administration of criminal justice :
Remainder of title (Based on Vold, taft, gillin, sutherland and sen) /
Statement of responsibility, etc. by Dr. N.V. Paranjape
260 ## - PUBLICATION, DISTRIBUTION, ETC. (IMPRINT)
Place of publication, distribution, etc. Allahabad :
Name of publisher, distributor, etc. Central Law Agency,
Date of publication, distribution, etc. 1976.
300 ## - PHYSICAL DESCRIPTION
Pagination 269 p. ;
Size 24 cm.
650 #0 - SUBJECT ADDED ENTRY--TOPICAL TERM
Topical term or geographic name as entry element Crime
Form subdivision Bibliography.
9 (RLIN) 14971
Topical term or geographic name as entry element Criminal justice, Administration of
Form subdivision Bibliography.
9 (RLIN) 14972
942 ## - ADDED ENTRY ELEMENTS (KOHA)
Source of classification or shelving scheme Dewey Decimal Classification
Koha item type Books
Holdings
Lost status Source of classification or shelving scheme Damaged status Not for loan Collection code Permanent Location Current Location Shelving location Date acquired Source of acquisition Cost, normal purchase price Total Checkouts Full call number Date last seen Copy number Koha item type
  Dewey Decimal Classification   Not For Loan Non-fiction Central Library, University of Rajshahi Central Library, University of Rajshahi   06/07/1976 K.P. Bagchi and co. india 12.50   343 PAC 1976 23/12/2013 C-1 Books